000 00437nam a2200145Ia 4500
008 090122s9999 xx 000 0 und d
082 _b8424
_a891.463
100 _aवकील
_bसुप्रिया
_c-
245 _aफरारी प्रेमिक
600 _aवकील
630 _aफरारी प्रेमिक
700 _aवकील
730 _aफरारी प्रेमिक
942 _cBOOK
999 _c32501
_d32501